[Event "Box Hill op"]
[Site "Box Hill"]
[Date "2019.12.20"]
[Round "9"]
[White "Chen, Paula"]
[Black "Kannan, Archit"]
[Result "0-1"]
[WhiteElo "1483"]
[BlackElo "1291"]
[PlyCount "58"]
[EventDate "2019.10.18"]
[EventType "swiss"]
[EventRounds "9"]
[EventCountry "AUS"]
[SourceTitle "EXT 2021"]
[Source "ChessBase"]
[SourceDate "2020.10.23"]
[SourceVersion "1"]
[SourceVersionDate "2020.10.23"]
[SourceQuality "1"]

1. d4 e6 2. Nf3 f5 3. e3 Nf6 4. Bd3 d5 5. c4 c6 6. Nbd2 Bd6 7. 0-0 0-0 8. b3 Ne4 9. Bb2 Nd7 10. Qe2 Qf6 11. h3 Kh8 12. Bxe4 fxe4 13. Ne1 Qg6 14. f4 Qh6 15. Nc2 Nf6 16. Ba3 Bxa3 17. Nxa3 Bd7 18. Nc2 g5 19. Rf2 Rg8 20. fxg5 Rxg5 21. Kf1 Nh5 22. Qd1 Ng3+ 23. Ke1 Nh1 24. Re2 Qh4+ 25. Kf1 Ng3+ 26. Kg1 Nxe2+ 27. Qxe2 Qxh3 28. Rf1 Rag8 29. Rf2 Rh5 0-1

[Event "Box Hill op"]
[Site "Box Hill"]
[Date "2019.11.22"]
[Round "5"]
[White "Chmiel, Rad"]
[Black "Kannan, Archit"]
[Result "1/2-1/2"]
[WhiteElo "1746"]
[BlackElo "1291"]
[PlyCount "52"]
[EventDate "2019.10.18"]
[EventType "swiss"]
[EventRounds "9"]
[EventCountry "AUS"]
[SourceTitle "EXT 2021"]
[Source "ChessBase"]
[SourceDate "2020.10.23"]
[SourceVersion "1"]
[SourceVersionDate "2020.10.23"]
[SourceQuality "1"]

1. d4 e6 2. g3 f5 3. Bg2 Nf6 4. Nf3 d5 5. c4 c6 6. 0-0 Bd6 7. Qc2 Nbd7 8. b3 Qe7 9. Bb2 0-0 10. Ne5 Ne4 11. f3 Nef6 12. Nxd7 Bxd7 13. f4 Ne4 14. Nd2 Rf7 15. Nf3 h6 16. e3 g5 17. Ne5 Bxe5 18. dxe5 g4 19. Rfd1 h5 20. cxd5 exd5 21. Bxe4 fxe4 22. Qc3 Be6 23. Rf1 Rf5 24. h4 gxh3 25. Kh2 Kh7 26. Qa5 Qg7 1/2-1/2